Tipos de queijo - Statistics

Estatísticas Gerais
  • Esse quiz foi jogado 123 vezes
  • A pontuação média é 6 de 15
Estatísticas das Respostas
Imagem Resposta % Correto
Queijo parmesão
84%
Mussarela
77%
Gorgonzola
76%
Brie
62%
Cheddar
57%
Requeijão
49%
Suíço
46%
Gouda
35%
Camembert
26%
Emmental
24%
Roquefort
23%
Gruyere
18%
Edam
10%
Queijo manteiga
8%
Manchego
4%
Nenhum quiz correspondente encontrado
Distribuição das Pontuações
Porcentagem de Pessoas com Cada Pontuação
Percentil de Números Respondidos
Sua Pontuação Histórica
Você não jogou esse quiz